| 000 | 00568nam a2200217Ia 4500 | ||
|---|---|---|---|
| 999 |
_c8292 _d8292 |
||
| 003 | OSt | ||
| 005 | 20210715073525.0 | ||
| 008 | 151021s9999 xx 000 0 und d | ||
| 020 | _a9781412950459 | ||
| 040 |
_aMMU _beng _cMMU _dMMU |
||
| 050 | _aGN 345 .F47 2010 | ||
| 100 | _aFetterman M. David | ||
| 245 |
_aEthnography/ _cDavid.M.Fetterman |
||
| 250 | _a3rd ed. | ||
| 260 |
_aCarlofonia: _bSage, _c2010. |
||
| 300 |
_axviii, 173 p. : _bill |
||
| 500 | _aIncludes index | ||
| 650 | _aEthnology | ||
| 700 | _aFetterman M. David | ||
| 942 |
_2lcc _cLOAN LOAN |
||